000 00254nam a2200097Ia 4500
008 231212s1985 xx 000 0 und d
041 _aeng
100 _aHnatek Evgene R
245 _aDesign Of Solid State power supplies
260 _aCalcutta
_bSharyu
_c1985
999 _c960129
_d960129